00425nam a2200169Ia 4500003000400000005001700004008004100021020002900062040001700091082002200108100001900130245003900149250001100188260003000199300001400229650001200243IIN20240129124959.0231217s9999 xx 000 0 und d cRs.575.00a9788131227060 aIINbEnglish a611 bGAN1 aGangane, S.D. 1 aViva Voce in AnatomycS.D. Gangane a3rd ed bElsevieraNew Delhic2011 av, 366 p.1 aAnatomy